Регионална библиотека "Любен Каравелов" - Русе

Дървото на Юда (Запис номер 463820)

MARC детайли
000 -Лидер
Контролно поле с фиксирана дължина 01239nam a2200313 a 4500
003 - Код на организацията, давaща контролен номер
Контролно поле BLK
005 - Дата и час на последна редакция
Контролно поле 20250801104745.0
008 - Елементи от данни с фиксирана дължина
fixed length control field 180411b bul|||||r ||||||| ||bul||
020 ## - Международен стандартен номер на книга ISBN
Международен стандартен номер на книга ISBN 9786192180621
040 ## - Източник на каталожния запис
Идентификатор на билиотеката - собственик на записа BLK
041 ## - Код за език
Код за езика на текст/звукозапис или на отделно заглавие Български
Код за езика КДБФ Български
080 ## - УДК
Текстов определител УДК Английска литература
УДК код - определител по УДК 821.111
УДК определител -31
УДК - код + определител 821.111-31
100 1# - Редна дума - Автор
Автор Кронин, Арчибалд Джоузеф
Авторска отговорност първи автор
R(LIN) 379041
139 ## - Редно поле
Редна дума Кронин, Арчибалд Джоузеф
Авторски знак Кро - К 91
245 10 - Сведения за заглавието
Заглавие Дървото на Юда
Подзаглавни данни Роман
Редно поле (дума) Арчибалд Джоузеф Кронин; прев. Златко Попзлатев.
250 ## - Област на изданието
Сведения за изданието [4. изд.]
257 ## - Страна на издаване
Страна на създаване/издаване България
260 ## - Област на издателските данни
Място на издаване, разпространение и проч. София
Име на издателя, разпространителя и проч. Фама І
Година на издаване 2022
9 (RLIN) 221711
Издателство - префикс ISBN 978-619-218-
Печатница [София] : [Симолини-94]
300 ## - Физическа характеристика
Страници 304 с.
Размери/Мащаб 22 см
380 ## - Жанр
Жанр Худож. лит.
490 ## - СЕРИИ (Колекции)
9 (RLIN) 201252
Име на серия Класика
ISSN C624-2545
500 ## - Общи забележки
Забележка Ориг. загл. The Juda's Tree / A. J. Cronin. - 1. изд. 1965 на изд. ОФ
700 ## - Други автори (авторска отговорност)
Лично име Попзлатев, Златко
Автороска отговорност (Описва отношението между автора и произведението) прев. от англ.
9 (RLIN) 1021
852 ## - Местоположение
Форматна сигнатура Цб 318021
Фондова буква Хранилище
999 ## - СИСТЕМНИ КОНТРОЛНИ НОМЕРА
Koha biblionumber 463820
Koha biblioitemnumber 463820
942 ## - АРТИКУЛИ
Вид на библиотечния материал Книги
Скрит в OPAC Не
Периодичен библиозапис Да
Koha issues (borrowed), all copies 19
944 ## - СЪЗДАВАНЕ И РЕДАКЦИЯ на ЗАПИСА
Служител, извършил регистрацията/редакцията 30531
Статус, дата на статуса Цветелина Шанова
944 ## - СЪЗДАВАНЕ И РЕДАКЦИЯ на ЗАПИСА
Създаване/Редакция Редакция
Дата на регистрацията/редакция 2023-05-15
999 ## - СИСТЕМНИ КОНТРОЛНИ НОМЕРА
Koha biblioitemnumber 463820
Наличности
Код за отписване Код за изгубен артикул Източник на класификационната схема Код за повреда Коз за рестрикции Код за отдаване Артикулен № Име на библиотеката - собственик Име на библиотеката, в която се намира в момента Статус (Текущо местоположение) Дата на вписване в системата Местоположение - отдел Цена в лева Систематично азбучна сигнатура Баркод Цена в евро Служебен тип на артикула Инвентарен номер
  Не е изгубен Universal Decimal Classification Не е повреден без рестрикции заемане за дома 892293 Регионална библиотека "Любен Каравелов" Русе Регионална библиотека "Любен Каравелов" Русе Заемна - подръчен фонд 2022-06-28 Заемна - подръчен фонд 14.40 821-31/К 91 А 120000872862 7.36 Книги  
  Не е изгубен Universal Decimal Classification Не е повреден само за читалня ползва се в читалня 928763 Регионална библиотека "Любен Каравелов" Русе Регионална библиотека "Любен Каравелов" Русе Хранилище 2023-05-16 Хранилище 18.00 Цб 318022 120000887894 9.20 Книги 120000887894
  Не е изгубен Universal Decimal Classification Не е повреден   заемане за дома 979305 Регионална библиотека "Любен Каравелов" Русе Регионална библиотека "Любен Каравелов" Русе Заемна - подръчен фонд 2025-07-07 Заемна - подръчен фонд 12.60 821-31/К 91 А 120000920918 6.44 Книги 120000920918
  Не е изгубен Universal Decimal Classification Не е повреден   заемане за дома 979306 Регионална библиотека "Любен Каравелов" Русе Регионална библиотека "Любен Каравелов" Русе Заемна - подръчен фонд 2025-07-07 Заемна - подръчен фонд 12.60 821-31/К 91 А 120000920919 6.44 Книги 120000920919
Vip Innovations Ltd, Rousse, Bulgaria 2025